Úrokové sadzby sa stali horúcim zemiakom, ktorý si medzi sebou prehadzujú NBS a komerčné banky
Očakávanie poklesu úrokových sadzieb na Slovensku v r. 1998. Podmienky pre znižovanie alebo zvyšovanie úrokových sadzieb. Menová politika NBS a vlády SR. Prefinancovávanie štátneho dlhu dlhopismi - situácia vo vyspelých krajinách a v SR. Revolving - použitie rozhodujúcej časti tohtoročných emisií št...
Enregistré dans:
| Auteur principal: | |
|---|---|
| Autres auteurs: | |
| Format: | Livre |
| Langue: | slovaque |
| Sujets: | |
| Tags: |
Pas de tags, Soyez le premier à ajouter un tag!
|
MARC
| LEADER | 00000nam a2200000 4500 | ||
|---|---|---|---|
| 001 | r030684 | ||
| 005 | 20230921083342.4 | ||
| 041 | 0 | |a slo | |
| 044 | |a SK | ||
| 245 | 1 | 0 | |a Úrokové sadzby sa stali horúcim zemiakom, ktorý si medzi sebou prehadzujú NBS a komerčné banky |c Ján Kovalčík, Pavol Suďa |
| 520 | |a Očakávanie poklesu úrokových sadzieb na Slovensku v r. 1998. Podmienky pre znižovanie alebo zvyšovanie úrokových sadzieb. Menová politika NBS a vlády SR. Prefinancovávanie štátneho dlhu dlhopismi - situácia vo vyspelých krajinách a v SR. Revolving - použitie rozhodujúcej časti tohtoročných emisií štátnych dlhopisov na splácanie štátneho dlhu novými pôžičkami. | ||
| 610 | 2 | 0 | |a sadzby úrokové |
| 610 | 2 | 0 | |a dlhopisy štátne |
| 610 | 2 | 0 | |a dlhy štátne |
| 610 | 2 | 0 | |a banky obchodné |
| 610 | 2 | 0 | |a Slovensko |
| 610 | 2 | 0 | |a NBS Bratislava |
| 100 | 1 | |a Kovalčík, Ján | |
| 700 | 1 | |a Suďa, Pavol | |